000
00192 a2200097 4500
001
58345
100
_a
245
_a
Human knowledge
260
_a
London
_b
routledge
_c
090
_c
35833
_d
35833
942
_a
NUST-CAE
_c
_c
28706
999
_c
293418
_d
293418